Таня-рёвушка (Запись № 10549640)

Подробности
000 -МАРКЕР
контрольное поле 02353ncm0a2200433 4500
001 - ИДЕНТИФИКАТОР ЗАПИСИ
контрольное поле RU\NLR\ONIZ\209555
005 - ИДЕНТИФИКАТОР ВЕРСИИ
контрольное поле 20260406161208.0
035 ## - ДРУГИЕ СИСТЕМНЫЕ НОМЕРА
Идентификатор записи (NLR Aleph) 010890387
071 20 - ИЗДАТЕЛЬСКИЙ НОМЕР
Номер, присвоенный агентством М. 18318 Г.
100 ## - ДАННЫЕ ОБЩЕЙ ОБРАБОТКИ
Данные общей обработки 20150324d1945 u y0rusy50 ca
101 0# - ЯЗЫК РЕСУРСА
Язык текста, звукозаписи и т.д. русский
102 ## - СТРАНА ПУБЛИКАЦИИ ИЛИ ПРОИЗВОДСТВА
Страна публикации Российская Федерация
125 ## - ПОЛЕ КОДИРОВАННЫХ ДАННЫХ: ЗВУКОЗАПИСИ И НОТНЫЕ ИЗДАНИЯ
Форма изложения нотного текста ax
128 ## - ПОЛЕ КОДИРОВАННЫХ ДАННЫХ: МУЗЫКАЛЬНАЯ ФОРМА, ТОНАЛЬНОСТЬ И ЛАД
Музыкальная форма chs
145 0# - ПОЛЕ КОДИРОВАННЫХ ДАННЫХ: СРЕДСТВО ИСПОЛНЕНИЯ МУЗЫКАЛЬНОГО ПРОИЗВЕДЕНИЯ (УСТАРЕВШЕЕ)
Тип средства исполнения c
200 1# - ЗАГЛАВИЕ И СВЕДЕНИЯ ОБ ОТВЕТСТВЕННОСТИ
Основное заглавие Таня-рёвушка
Общее обозначение материала Ноты
Сведения, относящиеся к заглавию соч. 135
-- дет. песня
-- для голоса с фп.
Первые сведения об ответственности А. Гречанинов
Последующие сведения об ответственности сл. А. и П. Барто
210 ## - ПУБЛИКАЦИЯ, РАСПРОСТРАНЕНИЕ И ДР.
Место издания, распространения и т.д. Москва
Имя издателя, распространителя и т. д. Музгиз
Дата издания, распространения и т.д. 1945
215 ## - ФИЗИЧЕСКАЯ ХАРАКТЕРИСТИКА
Специфическое обозначение материала и объем 9 с.
Другие сведения о физической характеристике ил.
Размеры 28 см
313 ## - ПРИМЕЧАНИЯ, ОТНОСЯЩИЕСЯ К ТЕМАТИЧЕСКОМУ ДОСТУПУ
Текст примечания Систематизация документа проведена по изданию - Методика классифицирования музыкальных произведений (нотных изданий) по таблицам Библиотечно-библиографических классификаций : метод. рекомендации / Гос. б-ка СССР им. В.И. Ленина.- М., 1977. Индексу ББК методических рекомендаций присваивается код ББК для научных библиотек - LBC/SL
606 1# - НАИМЕНОВАНИЕ ТЕМЫ КАК ПРЕДМЕТ
Наименование темы Песни для детей
Географический подзаголовок СССР
Хронологический подзаголовок 20 в.
Формальный подзаголовок Ноты
Код системы nlr_sh
686 ## - ИНДЕКСЫ ДРУГИХ КЛАССИФИКАЦИЙ
Индекс Щ984.0(28)6
Издание LBC/SL
Код системы
700 #1 - ИМЯ ЛИЦА - ПЕРВИЧНАЯ ОТВЕТСТВЕННОСТЬ
Системный номер авторитетной/нормативной записи z01790
Начальный элемент ввода Гречанинов
Часть имени, кроме начального элемента ввода А. Т.
Даты 1864 - 1956
Расширение инициалов личного имени Александр Тихонович
Код отношения Композитор
Графика поля Кириллица
702 #1 - ИМЯ ЛИЦА - ВТОРИЧНАЯ ОТВЕТСТВЕННОСТЬ
Код отношения Автор
Материалы, к которым относится поле rus
Графика поля Кириллица
Начальный элемент ввода Барто
Часть имени, кроме начального элемента ввода А. Л.
Даты 1906-1981
Расширение инициалов личного имени Агния Львовна
Идентификатор авторитетной/нормативной записи RU\NLR\AUTH\771526
Системный номер авторитетной/нормативной записи 111548
702 #1 - ИМЯ ЛИЦА - ВТОРИЧНАЯ ОТВЕТСТВЕННОСТЬ
Код отношения Лирик
Материалы, к которым относится поле rus
Графика поля Кириллица
Начальный элемент ввода Барто
Часть имени, кроме начального элемента ввода П. Н.
Дополнения к именам, кроме дат писатель
Даты 1904-1986
Расширение инициалов личного имени Павел Николаевич
Идентификатор авторитетной/нормативной записи RU\NLR\AUTH\778656
Системный номер авторитетной/нормативной записи 118552
790 #1 - ИМЯ ЛИЦА - АЛЬТЕРНАТИВНАЯ ФОРМА
Системный номер авторитетной/нормативной записи z01700
Начальный элемент ввода Grechaninov
Часть имени, кроме начального элемента ввода A. T.
Даты 1864 - 1956
Расширение инициалов личного имени Aleksandr Tixonovich
Код отношения Композитор
Графика поля Латинская
790 #1 - ИМЯ ЛИЦА - АЛЬТЕРНАТИВНАЯ ФОРМА
Код отношения Лирик
Материалы, к которым относится поле rus
Графика поля Латинская
Начальный элемент ввода Barto
Часть имени, кроме начального элемента ввода A. L.
Даты 1906-1981
Расширение инициалов личного имени Agnija L'vovna
Идентификатор авторитетной/нормативной записи RU\NLR\AUTH\771527
Системный номер авторитетной/нормативной записи 111549
790 #1 - ИМЯ ЛИЦА - АЛЬТЕРНАТИВНАЯ ФОРМА
Системный номер авторитетной/нормативной записи z04702
Начальный элемент ввода Barto
Часть имени, кроме начального элемента ввода P. N.
Даты 1904-1986
Расширение инициалов личного имени Pavel Nikolaevich
Код отношения Лирик
801 #0 - ИСТОЧНИК ЗАПИСИ
Страна Российская Федерация
Организация NLR
Дата составления 20150324
Правила каталогизации PSBO
801 #1 - ИСТОЧНИК ЗАПИСИ
Страна Российская Федерация
Организация NLR
Дата составления 20150324
Источник данных rusmarc
801 #2 - ИСТОЧНИК ЗАПИСИ
Страна Российская Федерация
Организация NLR
Дата составления 20180814
852 ## - МЕСТОНАХОЖДЕНИЕ И ШИФР ХРАНЕНИЯ
Идентификатор организации NLR
Наименование фонда или коллекции (Sub-Location Identifier) М
Шифр хранения (Call Number) 301-3/134
Страна
Номер экземпляра 1
852 ## - МЕСТОНАХОЖДЕНИЕ И ШИФР ХРАНЕНИЯ
Идентификатор организации NLR
Наименование фонда или коллекции (Sub-Location Identifier) М
Шифр хранения (Call Number) К-3/23064
Страна
Номер экземпляра 2
942 ## - ДОПОЛНИТЕЛЬНЫЕ ЭЛЕМЕНТЫ ЗАПИСИ (АБИС)
Тип экземпляра АБИС Ноты
945 ## - Информацию об издании предоставили:
Полное название организации, предоставившей материал Российская национальная библиотека
980 ## - КОЛЛЕКЦИЯ
Название коллекции Национальная библиография
980 ## - КОЛЛЕКЦИЯ
Название коллекции Библиография Победы
980 ## - КОЛЛЕКЦИЯ
Название коллекции Отдел нот и звукозаписей
Экземпляры
Тип экземпляра Дата поступления Библиотека постоянного хранения Библиотека текущего хранения Место хранения Шифр хранения Статус экземпляра
Ноты 24.03.2015 РНБ (Московский) РНБ (Московский) Фонд нот и звукозаписей 301-3/134 301-3/134  
Ноты 24.03.2015 РНБ (Московский) РНБ (Московский) Фонд нот и звукозаписей К-3/23064 К-3/23064